[Event "AUTO-MASTER-2369"]
[Site "http://www.queenalice.com/game.php?id=1387069"]
[Date "2015.10.3"]
[Round "1"]
[White "santanacampos"]
[Black "tariann"]
[Result "0-1"]
[WhiteElo "1892"]
[BlackElo "2180"]

1. e4 e5 2. Nf3 Nc6 3. Nc3 f5 4. Bc4 d6 5. Bxg8 Rxg8 6. d3 Be7 7. O-O f4 8. d4
Bg4 9. Qd3 Bxf3 10. Qxf3 Nxd4 11. Qd3 Qd7 12. f3 g5 13. Qc4 O-O-O 14. Nd5 g4 15.
Bd2 gxf3 16. Ba5 Rxg2+ 17. Kh1 Rxc2 18. Bc3 Bh4 19. Rac1 Rxc1 20. Rxc1 Nc6 21.
Qf1 Qg4 22. Be1 Bxe1 23. Rxe1 Rg8 24. Nf6 Qg2+ 25. Qxg2 Rxg2 26. Nxh7 Rxb2 27.
h4 Re2 28. Rf1 Rxe4 29. h5 Ne7 30. h6 Re2 31. Nf6 Ng6 32. Rxf3 Re3 33. Rf2 Rh3+
34. Kg1 Rxh6 35. Rg2 Ne7 36. Rg7 Rg6+ 37. Rxg6 Nxg6 38. Kf2 Nh4 39. Ne4 Kd7 40.
Nc3 Kc6 41. a4 Kc5 42. Nb5 c6 43. Nxa7 d5 44. a5 e4 45. Nc8 d4 46. Ne7 d3 47.
Nxc6 Kxc6 0-1

[Event "AUTO-MASTER-2369"]
[Site "http://www.queenalice.com/game.php?id=1387070"]
[Date "2015.10.3"]
[Round "1"]
[White "tariann"]
[Black "santanacampos"]
[Result "0-1"]
[WhiteElo "2184"]
[BlackElo "1886"]

1. e4 e5 2. Nf3 Nf6 3. Nxe5 Nc6 4. Nxc6 dxc6 5. Nc3 Bc5 6. Bc4 O-O 7. O-O Bd4 8.
h3 Re8 9. d3 Nd7 10. Re1 Qf6 11. Qf3 Qxf3 12. gxf3 Ne5 13. Kg2 Bxc3 14. bxc3
Nxc4 15. dxc4 c5 16. Bf4 c6 17. Be3 Be6 18. Bxc5 Bxc4 19. a4 a6 20. Rad1 b5 21.
axb5 Bxb5 22. Rd7 a5 23. Red1 a4 24. Ba3 c5 25. Rc7 c4 26. Rb7 Re5 27. Kg3 f5
28. f4 Bc6 29. Rc7 Re6 30. e5 Rg6+ 31. Kh4 Bf3 32. Rd6 Rg2 33. Rcc6 Bxc6 34.
Rxc6 Rxf2 35. Rxc4 Rxc2 36. e6 Re8 37. Kg5 g6 38. Kf6 Re2 39. e7 Re3 40. Bb4
Rxh3 41. Rd4 Re3 42. Rd8 Rxe7 43. Bxe7 Rxd8 44. Bxd8 a3 0-1

[Event "Challenge"]
[Site "http://www.queenalice.com/game.php?id=1389473"]
[Date "2015.10.16"]
[Round "-"]
[White "Bira"]
[Black "santanacampos"]
[Result "1-0"]
[WhiteElo "1621"]
[BlackElo "1914"]

1. e4 d5 2. e5 d4 3. c3 e6 4. Bb5+ c6 5. Bd3 Bc5 6. b4 dxc3 7. dxc3 Bxf2+ 8.
Kxf2 Ne7 9. Bg5 Nd7 10. Nf3 h6 11. Bxe7 Qxe7 12. Re1 b6 13. Kf1 c5 14. b5 Bb7
15. Be4 Bxe4 16. Rxe4 Rd8 17. Re2 Nxe5 18. Rd2 Nd7 19. Ne5 Nxe5 20. Rxd8+ Qxd8
21. Qxd8+ Kxd8 22. h3 Ke7 23. Nd2 Nd3 24. a4 Rd8 25. Nb3 g5 26. a5 bxa5 27. Nxa5
e5 28. Nc6+ Kd7 29. Nxd8 Kxd8 30. Rxa7 Ke8 31. b6 Kd8 32. Rxf7 Kc8 33. Rh7 e4
34. Re7 Nf4 35. Kf2 e3+ 36. Kf3 e2 37. g3 Nd5 38. Rxe2 Nxc3 39. Re6 h5 40. g4
hxg4+ 41. Kxg4 c4 42. Rc6+ Kb7 43. Rxc4 Nd5 44. Rc1 Kxb6 45. Kxg5 Ne3 46. h4 Nd5
47. h5 Ne7 48. h6 1-0

[Event "Challenge"]
[Site "http://www.queenalice.com/game.php?id=1389475"]
[Date "2015.10.16"]
[Round "-"]
[White "Bira"]
[Black "santanacampos"]
[Result "0-1"]
[WhiteElo "1609"]
[BlackElo "1887"]

1. e4 e5 2. Qf3 Bc5 3. Bc4 Nf6 4. Nh3 Nc6 5. Qg3 O-O 6. Bb5 Nxe4 7. Qg4 d5 8.
Qf3 Bxh3 9. O-O Bd7 10. d3 Nd4 11. Qd1 Bxb5 12. Be3 Nf6 13. Nc3 Bd7 14. Bg5 Bc6
15. Bxf6 Qxf6 16. a3 Nf5 17. Ne2 d4 18. b4 Bd6 19. c4 Nh4 20. b5 Bxg2 21. Re1
Qg6 22. Ng3 e4 23. Qh5 Bxg3 24. Qxg6 Bxf2+ 25. Kxf2 fxg6+ 26. Kg3 g5 27. Ra2
Rf3+ 28. Kg4 Bh3+ 29. Kxg5 Ng2 30. Rxe4 Rf5# 0-1

[Event "AUTO-OPEN-3522"]
[Site "http://www.queenalice.com/game.php?id=1395017"]
[Date "2015.11.19"]
[Round "2"]
[White "brigador"]
[Black "santanacampos"]
[Result "1-0"]
[WhiteElo "2088"]
[BlackElo "1917"]

1. e4 e5 2. Nf3 Nc6 3. d4 exd4 4. Bc4 Bc5 5. Ng5 Ne5 6. Nxf7 Nxf7 7. Bxf7+ Kxf7
8. Qh5+ g6 9. Qxc5 d3 10. Qc4+ Kf8 11. Qxd3 d6 12. Nc3 Be6 13. O-O a6 14. b3 Qf6
15. Bb2 Qg5 16. f4 Qc5+ 17. Kh1 b5 18. Na4 bxa4 19. Bxh8 Nh6 20. Qd4 Qxd4 21.
Bxd4 axb3 22. cxb3 Ng4 23. Rac1 c5 24. Bb2 Ne3 25. Rf3 Ng4 26. f5 gxf5 27. exf5
Bd5 28. Rg3 h5 29. h3 Nf2+ 30. Kh2 Ne4 31. Rg6 Bf7 32. Rh6 Re8 33. f6 Kg8 34. g4
Ng5 35. Ba3 Nf3+ 36. Kg2 hxg4 37. hxg4 Ng5 38. Rch1 Bd5+ 39. Kg3 Bxh1 40. Rg6+
Kf7 41. Rxg5 Kxf6 42. Rf5+ Kg6 43. Bc1 d5 44. Rg5+ Kf6 45. Rh5 Be4 46. Rh6+ Bg6
47. g5+ Kg7 48. Rh4 Be4 49. Rh6 d4 50. Rxa6 Rd8 51. Kf4 Bg6 52. Ke5 d3 53. Ra7+
Bf7 54. Bd2 Kg6 55. Ra6+ Kg7 56. Ra7 Re8+ 57. Kd6 Re2 58. Bc3+ Kg6 59. Kxc5 Rc2
60. Kb4 Bd5 61. Ra6+ Kh5 62. Rd6 Be4 63. a4 Kxg5 64. a5 Ra2 65. Kc4 Kf4 66. b4
Ke3 67. b5 d2 68. Bxd2+ Rxd2 69. Rxd2 Kxd2 70. Kc5 Kc3 71. b6 Bb7 72. Kb5 Kd4
73. a6 Bf3 74. b7 Be2+ 75. Kb6 1-0

[Event "AUTO-OPEN-3522"]
[Site "http://www.queenalice.com/game.php?id=1395018"]
[Date "2015.11.19"]
[Round "2"]
[White "santanacampos"]
[Black "brigador"]
[Result "1/2-1/2"]
[WhiteElo "1893"]
[BlackElo "2047"]

1. e4 g6 2. Nf3 Bg7 3. Bc4 e6 4. Nc3 d6 5. d4 Ne7 6. a3 a6 7. Qe2 Nd7 8. O-O O-O
9. Ng5 Bxd4 10. Bxe6 Nf6 11. Bc4 d5 12. Bb3 c6 13. exd5 Nexd5 14. Nxd5 cxd5 15.
c3 Re8 16. Qf3 Bg4 17. Qf4 Be5 18. Qb4 b5 19. Re1 Bd6 20. Rxe8+ Qxe8 21. Ne4
Qxe4 22. Qxe4 dxe4 23. Bg5 Ne8 24. Bd5 Rb8 25. Bxe4 Be6 26. Rd1 Be5 27. Bc6 Nc7
28. Re1 f6 29. Be3 Bd5 30. Bd7 Bc4 31. Rd1 Nd5 32. Be6+ Kg7 33. Bxd5 Bxd5 34.
Rxd5 Rb7 35. f4 Bb8 36. f5 g5 1/2-1/2

[Event "AUTO-OPEN-3522"]
[Site "http://www.queenalice.com/game.php?id=1395021"]
[Date "2015.11.19"]
[Round "2"]
[White "josebaron"]
[Black "santanacampos"]
[Result "1/2-1/2"]
[WhiteElo "2165"]
[BlackElo "1868"]

1. e4 e5 2. Bc4 g6 3. d3 Nf6 4. f4 d6 5. fxe5 dxe5 6. Nf3 Bc5 7. Nxe5 Qd4 8.
Bxf7+ Kf8 9. Qf3 Qxe5 10. Bb3 Nc6 11. c3 Bg4 12. Qf4 Rd8 13. Qh6+ Ke8 14. Qg7
Rf8 15. Bc2 Bf2+ 16. Kf1 Bb6 17. Ke1 1/2-1/2

[Event "AUTO-OPEN-3522"]
[Site "http://www.queenalice.com/game.php?id=1395022"]
[Date "2015.11.19"]
[Round "2"]
[White "santanacampos"]
[Black "josebaron"]
[Result "1/2-1/2"]
[WhiteElo "1907"]
[BlackElo "2138"]

1. e4 e5 2. Nf3 Nc6 3. Nc3 Nf6 4. Bc4 Be7 5. d3 d6 6. O-O Bg4 7. Bg5 h6 8. Bxf6
Bxf6 9. Bd5 O-O 10. Bxc6 bxc6 11. h3 Bh5 12. Qe2 a5 13. a4 Be7 14. Qe3 Rb8 15.
b3 Bxf3 16. Qxf3 Bg5 17. Ne2 f5 18. exf5 Qd7 19. d4 Rxf5 20. Qg4 Qf7 21. dxe5
dxe5 22. Ng3 Rf4 23. Qe2 Rf8 24. f3 Qd5 25. Ne4 Qd4+ 26. Kh2 Qb6 27. Nxg5 hxg5
28. Qxe5 R4f5 29. Qc3 c5 30. g4 R5f6 31. Qe5 Re6 32. Qd5 Qd6+ 33. Qxd6 cxd6 34.
c4 Re3 35. Rad1 Rfxf3 36. Rxf3 Rxf3 37. Rxd6 Rxb3 38. Rc6 Rb4 39. Rxc5 Rxa4 40.
Rc8+ Kh7 41. c5 Rc4 42. c6 a4 43. c7 a3 44. Ra8 Rc2+ 45. Kg3 a2 46. c8=Q Rxc8
47. Rxa2 Rc3+ 48. Kg2 Kh6 1/2-1/2

[Event "Challenge"]
[Site "http://www.queenalice.com/game.php?id=1395940"]
[Date "2015.11.25"]
[Round "-"]
[White "Bira"]
[Black "santanacampos"]
[Result "1-0"]
[WhiteElo "1669"]
[BlackElo "1934"]

1. e4 e5 2. d3 Bc5 3. Qf3 Nf6 4. Bg5 Nc6 5. Bxf6 Qxf6 6. Qxf6 gxf6 7. Ne2 d6 8.
Nbc3 Bb4 9. O-O-O Be6 10. a3 Bxc3 11. Nxc3 f5 12. Nb5 O-O-O 13. Re1 f4 14. f3 a6
15. Nc3 Rhg8 16. g4 fxg3 17. hxg3 Rg7 18. g4 Nd4 19. Re3 Rh8 20. Ne2 Nxe2+ 21.
Rxe2 f6 22. Bh3 Kb8 23. Rg2 d5 24. c4 dxc4 25. Kc2 cxd3+ 26. Kxd3 h5 27. gxh5
Bxh3 28. Rxg7 Bg2 29. Rh2 Bxf3 30. h6 c5 31. h7 Ka7 32. Rg8 Rxh7 33. Rxh7 Bd1
34. Rgg7 a5 35. Rxb7+ Ka6 36. a4 Bxa4 37. Kc4 Bc6 38. Ra7+ Kb6 39. Raf7 a4 40.
Rxf6 a3 41. bxa3 1-0

[Event "Challenge"]
[Site "http://www.queenalice.com/game.php?id=1397413"]
[Date "2015.12.5"]
[Round "-"]
[White "santanacampos"]
[Black "Omar"]
[Result "0-1"]
[WhiteElo "1915"]
[BlackElo "1765"]

1. e4 e5 2. Nf3 d6 3. d4 exd4 4. Bc4 h6 5. Nxd4 a6 6. Qf3 Nf6 7. Nc3 Bd7 8. O-O
Nc6 9. Nxc6 Bxc6 10. Be3 Be7 11. a4 O-O 12. Bd3 Nh7 13. Qg4 g5 14. e5 dxe5 15.
Bxh7+ Kxh7 16. Qf5+ Kg7 17. Rad1 Bd6 18. Bc5 Qe7 19. Bxd6 cxd6 20. b3 Rad8 21.
b4 Bd7 22. Nd5 Bxf5 23. Nxe7 Bxc2 24. Ra1 Bb3 25. a5 Kf6 26. Rab1 Be6 27. b5
Kxe7 28. bxa6 Bc4 29. Rxb7+ Ke6 30. Rc1 Bxa6 31. Rb6 Ra8 32. h3 f5 33. Rd1 Rfd8
34. Kh2 f4 35. f3 h5 36. Rc6 Rd7 37. h4 g4 38. fxg4 Be2 39. Ra1 Bxg4 40. a6 Bf5
41. Kg1 Rg7 42. Rd1 Rd7 43. Rb6 Be4 44. Kf2 Bd5 45. Ra1 Rda7 46. Ra5 Bc4 47. Rb7
Rxa6 48. Rxa6 Rxa6 49. Rh7 Ra2+ 50. Kg1 Be2 51. Rh6+ Kd5 52. Kf2 Bg4+ 53. Kg1 e4
54. Rg6 e3 55. Rg5+ Kd4 56. Kf1 Ra1# 0-1

[Event "Challenge"]
[Site "http://www.queenalice.com/game.php?id=1403197"]
[Date "2016.1.8"]
[Round "-"]
[White "Bira"]
[Black "santanacampos"]
[Result "0-1"]
[WhiteElo "1689"]
[BlackElo "1908"]

1. e4 e5 2. d3 d5 3. h4 Bc5 4. Nc3 Nf6 5. Bg5 c6 6. exd5 cxd5 7. Bxf6 Qxf6 8.
Nf3 Be6 9. Qd2 O-O 10. Qg5 Qxg5 11. Nxg5 Nc6 12. Nxe6 fxe6 13. f3 Nb4 14. Kd2 e4
15. a3 Nc6 16. Be2 e3+ 17. Kd1 d4 18. Ne4 Be7 19. c3 e5 20. c4 Na5 21. Kc2 Rac8
22. b4 Nc6 23. h5 h6 24. b5 Nd8 25. a4 Ne6 26. a5 Nf4 27. Bf1 e2 28. g3 exf1=Q
29. Rhxf1 Ng2 30. Kd1 Ne3+ 31. Ke1 Nxf1 32. Kxf1 Bb4 33. Kf2 Rf5 34. g4 Rff8 35.
Ra4 Bc3 36. a6 bxa6 37. Rxa6 Ra8 38. Nc5 Rf6 39. Nd7 Rxa6 40. bxa6 Rd8 41. Nxe5
Rd6 42. Ng6 Rxa6 43. c5 Ra2+ 44. Kf1 Ra6 45. Ke2 Bb4 46. f4 Bxc5 47. g5 Ra2+ 48.
Kd1 a5 49. Nh4 a4 50. gxh6 gxh6 51. f5 Rh2 52. f6 Rxh4 53. f7+ Kxf7 54. Kc2 Rxh5
55. Kb2 a3+ 56. Ka2 Rh2+ 57. Kb3 a2 0-1

[Event "Challenge"]
[Site "http://www.queenalice.com/game.php?id=1403198"]
[Date "2016.1.8"]
[Round "-"]
[White "Bira"]
[Black "santanacampos"]
[Result "0-1"]
[WhiteElo "1724"]
[BlackElo "1908"]

1. h4 e5 2. e4 Nf6 3. Qf3 d6 4. Qd1 Nxe4 5. Qf3 Nf6 6. d4 e4 7. Qe3 d5 8. Qe2
Qe7 9. Bg5 Nc6 10. Qe3 Qb4+ 11. Qc3 Nxd4 12. Kd1 Bg4+ 13. Be2 Nxe2 14. Nxe2
Bxe2+ 15. Kxe2 Qb5+ 16. Ke1 Bb4 17. Kd1 Bxc3 18. b3 Bxa1 19. Bxf6 Bxf6 20. a4
Qc5 0-1

[Event "Challenge"]
[Site "http://www.queenalice.com/game.php?id=1403199"]
[Date "2016.1.8"]
[Round "-"]
[White "Bira"]
[Black "santanacampos"]
[Result "0-1"]
[WhiteElo "1727"]
[BlackElo "1899"]

1. Nc3 d5 2. a4 Nf6 3. d4 Nc6 4. e3 e6 5. Bb5 Bd7 6. Bxc6 Bxc6 7. a5 Bb4 8. Bd2
O-O 9. Na4 Bxd2+ 10. Qxd2 Ne4 11. Qe2 a6 12. f3 Bb5 13. Qd1 Nd6 14. h4 Nc4 15.
Qc1 Qd6 16. b3 Nxa5 17. h5 Qg3+ 0-1

[Event "Challenge"]
[Site "http://www.queenalice.com/game.php?id=1412025"]
[Date "2016.3.4"]
[Round "-"]
[White "santanacampos"]
[Black "Omar"]
[Result "0-1"]
[WhiteElo "1879"]
[BlackElo "1816"]

1. e4 e5 2. Nf3 d6 3. Bc4 h6 4. Nc3 Nf6 5. d4 exd4 6. Qxd4 Nc6 7. Qd3 Be7 8. O-O
a6 9. Be3 Nb4 10. Bxf7+ Kxf7 11. Qc4+ d5 12. exd5 Nbxd5 13. Rad1 Be6 14. Ne5+
Kg8 15. f3 c6 16. Ng6 Rh7 17. a3 Bd6 18. Qb3 Rb8 19. Bd4 Qe8 20. Nxd5 Bxd5 21.
Qd3 b5 22. Bxf6 gxf6 23. Rfe1 Qf7 24. Nh4 Qh5 25. g3 Bc7 26. Ng6 Bd6 27. Nh4 Rg7
28. Nf5 Bc5+ 29. Kg2 Rg5 30. g4 Rxg4+ 31. Ng3 Qg6 32. Qxg6+ Rxg6 33. b4 Bb6 34.
Kf1 Bxf3 35. Rd6 h5 36. Nf5 Rg1# 0-1

[Event "Challenge"]
[Site "http://www.queenalice.com/game.php?id=1412172"]
[Date "2016.3.5"]
[Round "-"]
[White "santanacampos"]
[Black "Omar"]
[Result "0-1"]
[WhiteElo "1860"]
[BlackElo "1835"]

1. Nf3 Nf6 2. Nc3 a6 3. e4 d6 4. Bc4 h6 5. e5 dxe5 6. Nxe5 e6 7. d4 Be7 8. Qf3
Qxd4 9. Bf4 Bd6 10. Rd1 Qc5 11. Nd3 Qxc4 12. Bxd6 cxd6 13. O-O Qc6 14. Qg3 O-O
15. Nb4 Qc4 16. Qxd6 a5 17. Nd3 Qc6 18. Qf4 b6 19. a3 Bb7 20. f3 Ba6 21. Ne5
Qc5+ 22. Rf2 Nc6 23. Nxc6 Qxc6 24. Rd6 Qc5 25. Na4 Qc7 26. Nxb6 Rad8 27. Rfd2
Qc5+ 28. Kh1 Rxd6 29. Qxd6 Qb5 30. c4 Qf5 31. Rd1 Qc2 32. b4 Nd5 33. Re1 Bxc4
34. bxa5 Qf2 35. Rg1 Bf1 36. h3 Ne3 37. Qc5 Bxg2+ 0-1

[Event "Challenge"]
[Site "http://www.queenalice.com/game.php?id=1418149"]
[Date "2016.4.13"]
[Round "-"]
[White "Bira"]
[Black "santanacampos"]
[Result "0-1"]
[WhiteElo "1663"]
[BlackElo "1843"]

1. d4 d5 2. h3 Nc6 3. e3 Bf5 4. g4 Be4 5. f3 Bg6 6. Bb5 Qd6 7. f4 Qb4+ 8. Nc3 e6
9. Bxc6+ bxc6 10. a3 Qe7 11. h4 c5 12. Qe2 c4 13. b3 cxb3 14. cxb3 f5 15. g5 Qd7
16. Qb5 c6 17. Qd3 Bd6 18. a4 Rb8 19. Nce2 Ne7 20. Ba3 Bxa3 21. Rxa3 Nc8 22. Nf3
Nd6 0-1

[Event "Challenge"]
[Site "http://www.queenalice.com/game.php?id=1422764"]
[Date "2016.5.13"]
[Round "-"]
[White "santanacampos"]
[Black "Omar"]
[Result "1-0"]
[WhiteElo "1852"]
[BlackElo "1915"]

1. e4 e5 2. Nf3 d6 3. Bc4 h6 4. Nc3 a6 5. d4 exd4 6. Qxd4 Nc6 7. Qd2 Be7 8. Nd5
Ne5 9. Nxe5 dxe5 10. Nxe7 Qxe7 11. O-O Nf6 12. Re1 O-O 13. b3 b5 14. Bd3 Bb7 15.
Bb2 Rad8 16. Qc3 Rd4 17. Qd2 Rdd8 18. a3 c5 19. a4 c4 20. bxc4 bxc4 21. Ba3 Qd7
22. Bxf8 Kxf8 23. Qb4+ Kg8 24. Qxc4 Qg4 25. f3 Qd7 26. a5 Nh5 27. Red1 Bc6 28.
Be2 Qa7+ 29. Kf1 Rxd1+ 30. Rxd1 Qb7 31. Qxa6 Nf4 32. Qxb7 Bxb7 33. a6 Bc6 34. c4
Ba4 35. Rd8+ Kh7 36. a7 Bc6 37. c5 g6 38. Bb5 Bb7 39. c6 Ne6 40. cxb7 Nc7 41.
b8=Q Ne6 42. Rh8+ Kg7 43. Qxe5+ f6 44. Qxe6 Kxh8 45. a8=Q+ Kg7 46. Qag8# 1-0

[Event "Challenge"]
[Site "http://www.queenalice.com/game.php?id=1427861"]
[Date "2016.6.16"]
[Round "-"]
[White "jorm"]
[Black "santanacampos"]
[Result "1-0"]
[WhiteElo "1908"]
[BlackElo "1871"]

1. e4 e5 2. Nc3 Nf6 3. d4 Bb4 4. Qd3 Bxc3+ 5. bxc3 Qe7 6. d5 d6 7. h3 b6 8. Bb2
Ba6 9. c4 Nh5 10. g3 Nd7 11. Qf3 g6 12. Bd3 Nc5 13. Be2 Nf6 14. Bd3 O-O 15. Bc1
Bc8 16. Bh6 Re8 17. g4 Na4 18. Ne2 Nd7 19. g5 Ndc5 20. h4 Nb2 21. h5 Ncxd3+ 22.
cxd3 a5 23. Qf6 Nxd3+ 24. Kf1 Qxf6 25. gxf6 Ba6 26. hxg6 fxg6 27. Kg2 Bxc4 28.
a3 Nc5 29. Ng3 Rf8 30. Bg7 Rf7 31. Rxh7 Rxf6 32. Rh8+ Kxg7 33. Rxa8 Nd3 34. f3
Nf4+ 35. Kf2 Bb5 36. Rh1 Nd3+ 37. Ke3 Bd7 38. Rah8 Rf7 39. R1h7+ Kf6 40. Rxf7+
Kxf7 41. Kxd3 Kg7 42. Ra8 Bb5+ 43. Ke3 c6 44. dxc6 Bxc6 45. Ra6 d5 46. Rxb6 d4+
47. Kd2 Be8 48. Re6 Bf7 49. Rxe5 Kf6 50. Rxa5 Kg7 51. Kd3 Kf6 52. Kxd4 g5 53. a4
Be6 54. Ra6 1-0